| 000 | 00741nam a22002177a 4500 | ||
|---|---|---|---|
| 999 |
_c330 _d330 |
||
| 003 | AR-CdUCM | ||
| 008 | 190223b ||||| |||| 00| 0 spa d | ||
| 040 |
_aMUNICIPALIDAD PROVINCIAL DEL CUSCO _cBIBLIOTECA MUNICIPAL DEL CUSCO |
||
| 082 |
_22 ed. _a891.7 / _bS6A |
||
| 100 |
_aSolzhenitsyn, Aleksandr Isaevich _91339 |
||
| 245 |
_aAgosto 1914 (10-21 de Agosto) : _bNudo I / |
||
| 260 |
_aBarcelona : _bBarral editores, _c1972. |
||
| 300 |
_a678 páginas ; _c19 cm. |
||
| 650 |
_aNovela histórica rusa _91340 |
||
| 650 |
_aGuerra mundial _91341 |
||
| 650 |
_a1914-1918 _91342 |
||
| 700 |
_aLaín Entralgo, José (traductor) _91343 |
||
| 700 |
_aAbollado Vargas, Luis (traductor) _91344 |
||
| 942 |
_2ddc _cLIBROS |
||
| 945 |
_araen _d2019-02-23 |
||